<?xml version="1.0" encoding="UTF-8"?>
<record
    xmlns:xsi="http://www.w3.org/2001/XMLSchema-instance"
    xsi:schemaLocation="http://www.loc.gov/MARC21/slim http://www.loc.gov/standards/marcxml/schema/MARC21slim.xsd"
    xmlns="http://www.loc.gov/MARC21/slim">

  <leader>02596nam a22003737a 4500</leader>
  <datafield tag="999" ind1=" " ind2=" ">
    <subfield code="c">21872</subfield>
    <subfield code="d">21872</subfield>
  </datafield>
  <controlfield tag="003">AR-CdUCM</controlfield>
  <controlfield tag="008">190425b           ||||| |||| 00| 0 spa d</controlfield>
  <datafield tag="040" ind1=" " ind2=" ">
    <subfield code="a">MUNICIPALIDAD PROVINCIAL DEL CUSCO</subfield>
    <subfield code="c">BIBLIOTECA MUNICIPAL DEL CUSCO</subfield>
  </datafield>
  <datafield tag="082" ind1=" " ind2=" ">
    <subfield code="a">Rev.DIMA/N&#xB0;24/1991</subfield>
  </datafield>
  <datafield tag="110" ind1=" " ind2=" ">
    <subfield code="a">Instituto y Museo Arqueol&#xF3;gico de la Universidad Nacional del Cuzco</subfield>
    <subfield code="9">46550</subfield>
  </datafield>
  <datafield tag="245" ind1=" " ind2=" ">
    <subfield code="a">Revista del Museo e Instituto Arqueol&#xF3;gico /</subfield>
    <subfield code="c">Universidad Nacional de San Antonio Abad del Cusco</subfield>
  </datafield>
  <datafield tag="260" ind1=" " ind2=" ">
    <subfield code="a">Cusco :</subfield>
    <subfield code="b">Universidad Nacional de San Antonio Abad del Cusco,</subfield>
    <subfield code="c">1991.</subfield>
  </datafield>
  <datafield tag="300" ind1=" " ind2=" ">
    <subfield code="a">324 p&#xE1;ginas. :</subfield>
    <subfield code="b">ilustraciones ;</subfield>
    <subfield code="c">21 cm.</subfield>
  </datafield>
  <datafield tag="440" ind1=" " ind2=" ">
    <subfield code="a">Revista del Museo e Instituto  de Arqueolog&#xED;a.</subfield>
    <subfield code="n">N&#xB0;24, A&#xF1;o 1991.</subfield>
    <subfield code="9">46589</subfield>
  </datafield>
  <datafield tag="505" ind1=" " ind2=" ">
    <subfield code="a">Contenido: Arqueolog&#xED;a preinka e Inka. -- Investigaciones en Pikillacta. -- El estilo Inca como tradici&#xF3;n. -- Arquitectura de la Chulpa del lagarto de Sillustani Puno. -- Etnohistoria Inka. -- Superposici&#xF3;n en la investigaci&#xF3;n hist&#xF3;rica y arqueol&#xF3;gica el caso de Hatunqolla. -- Los monumentos perdidos de la plaza mayor del Cuzco inkaico. -- Consideraciones hist&#xF3;ricas acerca del cultivo de la hoja de coca a inicios de la colonia. -- Tecnolog&#xED;a andina. -- La etnograf&#xED;a de caza tradicional en el mundo andino. -- Experiencias y alternativas en la tecnolog&#xED;a en Qocha. -- Conocimiento y creencias en la construcci&#xF3;n mantenimiento y uso de un sistema de riego andino. -- Arte e ideolog&#xED;a. -- Recursos ret&#xF3;ricos y temas literarios en Waynos del Cuzco. -- Tiempo del espacio y espacio del tiempo en los andes. -- Taytacha Qoylluriti el cristo de la nieve resplandeciente. -- Peregrinaci&#xF3;n de San Sebasti&#xE1;n en Qoyllurit&#xB4;i. Cr&#xF3;nicas universitarias. -- La casa de don Jer&#xF3;nimo Luis de Cabrera y de la Cerda en el Cusco, su historia y su restauraci&#xF3;n arquitect&#xF3;nica. -- Con Jorge Luis Borges en Cusco. -- I simposio Iberoamericano de estudios indigenistas. </subfield>
  </datafield>
  <datafield tag="650" ind1=" " ind2=" ">
    <subfield code="a">Arqueolog&#xED;a cusque&#xF1;a</subfield>
    <subfield code="9">9322</subfield>
  </datafield>
  <datafield tag="650" ind1=" " ind2=" ">
    <subfield code="a">Pikillaqta</subfield>
    <subfield code="9">46557</subfield>
  </datafield>
  <datafield tag="650" ind1=" " ind2=" ">
    <subfield code="a">Tecnolog&#xED;a andina</subfield>
    <subfield code="9">10426</subfield>
  </datafield>
  <datafield tag="650" ind1=" " ind2=" ">
    <subfield code="a">Inkas</subfield>
    <subfield code="9">1899</subfield>
  </datafield>
  <datafield tag="650" ind1=" " ind2=" ">
    <subfield code="a">Religiosidad andina</subfield>
    <subfield code="9">44127</subfield>
  </datafield>
  <datafield tag="650" ind1=" " ind2=" ">
    <subfield code="a">Arte e ideolog&#xED;a</subfield>
    <subfield code="9">46590</subfield>
  </datafield>
  <datafield tag="650" ind1=" " ind2=" ">
    <subfield code="a">Etnohistoria andina</subfield>
    <subfield code="9">46591</subfield>
  </datafield>
  <datafield tag="700" ind1=" " ind2=" ">
    <subfield code="a">McEwan, Gordon</subfield>
    <subfield code="9">46592</subfield>
  </datafield>
  <datafield tag="700" ind1=" " ind2=" ">
    <subfield code="a">Bridgen Dwyer, Edwar</subfield>
    <subfield code="9">46593</subfield>
  </datafield>
  <datafield tag="700" ind1=" " ind2=" ">
    <subfield code="a">Jean Julien, Catherine</subfield>
    <subfield code="9">46594</subfield>
  </datafield>
  <datafield tag="700" ind1=" " ind2=" ">
    <subfield code="a">Rowe, John</subfield>
    <subfield code="9">46023</subfield>
  </datafield>
  <datafield tag="700" ind1=" " ind2=" ">
    <subfield code="a">Ch&#xE1;vez Ball&#xF3;n, Manuel</subfield>
    <subfield code="9">45977</subfield>
  </datafield>
  <datafield tag="700" ind1=" " ind2=" ">
    <subfield code="a">Murra, John</subfield>
    <subfield code="9">46595</subfield>
  </datafield>
  <datafield tag="700" ind1=" " ind2=" ">
    <subfield code="a">Zans Candia, Leandro</subfield>
    <subfield code="9">46090</subfield>
  </datafield>
  <datafield tag="700" ind1=" " ind2=" ">
    <subfield code="a">Flores Ochoa, Jorge</subfield>
    <subfield code="9">2915</subfield>
  </datafield>
  <datafield tag="710" ind1=" " ind2=" ">
    <subfield code="a">Universidad Nacional de San Antonio Abad del Cusco</subfield>
    <subfield code="9">15942</subfield>
  </datafield>
  <datafield tag="942" ind1=" " ind2=" ">
    <subfield code="2">ddc</subfield>
    <subfield code="c">PP</subfield>
  </datafield>
  <datafield tag="945" ind1=" " ind2=" ">
    <subfield code="a">rac</subfield>
  </datafield>
  <datafield tag="952" ind1=" " ind2=" ">
    <subfield code="0">0</subfield>
    <subfield code="2">ddc</subfield>
    <subfield code="4">0</subfield>
    <subfield code="7">0</subfield>
    <subfield code="a">HEM</subfield>
    <subfield code="b">HEM</subfield>
    <subfield code="c">CART</subfield>
    <subfield code="d">2021-09-01</subfield>
    <subfield code="g">10.00</subfield>
    <subfield code="o">Rev.DIMA/N&#xB0;24/1991</subfield>
    <subfield code="p">REVC000372</subfield>
    <subfield code="r">2021-09-01</subfield>
    <subfield code="y">PP</subfield>
  </datafield>
  <datafield tag="952" ind1=" " ind2=" ">
    <subfield code="0">0</subfield>
    <subfield code="2">ddc</subfield>
    <subfield code="4">0</subfield>
    <subfield code="7">0</subfield>
    <subfield code="a">HEM</subfield>
    <subfield code="b">HEM</subfield>
    <subfield code="c">CART</subfield>
    <subfield code="d">2021-09-01</subfield>
    <subfield code="g">10.00</subfield>
    <subfield code="o">Rev.DIMA/N&#xB0;24/1991/e.2</subfield>
    <subfield code="p">REVC000373</subfield>
    <subfield code="r">2021-09-01</subfield>
    <subfield code="y">PP</subfield>
  </datafield>
  <datafield tag="952" ind1=" " ind2=" ">
    <subfield code="0">0</subfield>
    <subfield code="2">ddc</subfield>
    <subfield code="4">0</subfield>
    <subfield code="7">0</subfield>
    <subfield code="a">HEM</subfield>
    <subfield code="b">HEM</subfield>
    <subfield code="c">CART</subfield>
    <subfield code="d">2021-09-01</subfield>
    <subfield code="g">10.00</subfield>
    <subfield code="o">Rev.DIMA/N&#xB0;24/1991/e.3</subfield>
    <subfield code="p">REVC000374</subfield>
    <subfield code="r">2021-09-01</subfield>
    <subfield code="y">PP</subfield>
  </datafield>
  <datafield tag="952" ind1=" " ind2=" ">
    <subfield code="0">0</subfield>
    <subfield code="2">ddc</subfield>
    <subfield code="4">0</subfield>
    <subfield code="7">0</subfield>
    <subfield code="a">HEM</subfield>
    <subfield code="b">HEM</subfield>
    <subfield code="c">CART</subfield>
    <subfield code="d">2021-09-01</subfield>
    <subfield code="g">10.00</subfield>
    <subfield code="o">Rev.DIMA/N&#xB0;24/1991/e.4</subfield>
    <subfield code="p">REVC000375</subfield>
    <subfield code="r">2021-09-01</subfield>
    <subfield code="y">PP</subfield>
  </datafield>
</record>
